Όσα παίρνει ο άνεμος : μυθιστόρημα

Αποθηκεύτηκε σε:
Λεπτομέρειες βιβλιογραφικής εγγραφής
Κύριος συγγραφέας: Mitchell, Margaret, 1900-1949
Άλλοι συγγραφείς: Λάμψας, Γιάννης, 1921-2002 (Μεταφραστής)
Μορφή: Βιβλίο
Γλώσσα:Greek
English
Δημοσίευση: Αθήνα : Κωνσταντινόπουλος - Μαγγανιάς, 1952.
Θέματα:
Ετικέτες: Προσθήκη ετικέτας
Δεν υπάρχουν, Καταχωρήστε ετικέτα πρώτοι!

MARC

LEADER 00000cam a2200000 i 4500
001 1/81160
008 050714s1952 gr | ||| |||| ||gre||
035 |l 10079202 
040 |a GR-MyUA  |b gre  |e AACR2 
041 1 |a gre  |h eng 
082 7 |a 813.509   |2 (22) 
100 1 |a Mitchell, Margaret,   |d 1900-1949. 
245 1 0 |a Όσα παίρνει ο άνεμος :   |b μυθιστόρημα /   |c Margaret Mitchell ; μετάφραση: Γιάννη Λάμψα.  
260 |a Αθήνα :   |b Κωνσταντινόπουλος - Μαγγανιάς,   |c 1952.  
300 |a 2 τ. ;   |c 22 εκ.  
500 |a Ο πρώτος τόμος περιλαμβάνει τους τρεις πρώτους τόμους ενώ ο δεύτερος τους άλλους δυο 
500 |a Τίτλος πρωτοτύπου: Gone with the wind.  
600 1 0 |a O'Hara, Scarlett   |c (Fictitious character)  |x Fiction. 
650 0 0 |a American fiction  |y 19th century. 
651 0 |a United States  |x History. 
700 1 |a Λάμψας, Γιάννης,   |d 1921-2002,  |e trl 
852 |a INST  |b RHODES  |c KRI  |e 20050901  |h  813.509 MIT  |p 005400022594  |q 005400022594  |t BK  |v τ.4-5:  |y 0  |z τ.4-5 
852 |a INST  |b RHODES  |c KRI  |e 20050714  |h  813.509 MIT  |p 005400030496  |q 005400030496  |t BK  |v τ.1-3:  |y 0  |z τ.1-3 
853 |a INST  |b RHODES  |c KRI  |h  813.509 MIT 
901 |a BIBL4-2005-2 
909 |a Ρ  |b 121877 
909 |a Ρ  |b 122220 
970 |a ΚΟΖΑ  |b ΜΑΡΙΑ  |z 2005/07/14